Valoración de sospechas de abuso infantil (Registro nro. 10831)

000 -CABECERA
Campo de control de longitud fija 01725nam a22002777a 4500
003 - IDENTIFICADOR DEL NÚMERO DE CONTROL
Campo de control OSt
005 - FECHA Y HORA DE LA ÚLTIMA TRANSACCIÓN
Campo de control 20260416153209.0
008 - CÓDIGOS DE INFORMACIÓN DE LONGITUD FIJA
Campo de control de longitud fija 260416b2007 xxu||||| |||| 00| 0 spa d
040 ## - FUENTE DE LA CATALOGACIÓN
Centro catalogador de origen Unicoc
Lengua de catalogación spa
Centro que cataloga Bogotá (Dr. David Ordóñez Rueda) - Campus Norte
Centro modificador Bogotá (Dr. David Ordóñez Rueda) - Campus Norte
082 ## - NÚMERO DE LA CLASIFICACIÓN DECIMAL DEWEY
Número de clasificación 362.76
100 ## - PUNTO DE ACCESO PRINCIPAL - NOMBRE DE PERSONA
9 (RLIN) 12899
Nombre de persona Intebi, Irene V.
245 ## - MENCIÓN DE TÍTULO
Título Valoración de sospechas de abuso infantil
Mención de responsabilidad etc. / Irene V. Intebi
250 ## - MENCIÓN DE EDICIÓN
Mención de edición 1 Ed.
260 ## - PUBLICATION, DISTRIBUTION, ETC. (IMPRINT)
Lugar de publicación distribución etc. España :
Nombre del editor distribuidor etc. Seminario de formación y supervisión técnica en valoración de sospechas de ASI ,
Fecha de publicación distribución etc. 2008
300 ## - DESCRIPCIÓN FÍSICA
Extensión 191 pp.
440 ## - MENCIÓN DE SERIE
9 (RLIN) 12900
Título Colección documentos técnicos
Número de la parte/sección de una obra 1
500 ## - NOTA GENERAL
Nota general Incluye Bibliografía
505 ## - NOTA DE CONTENIDO CON FORMATO
Título Parte 1. Generalidades de la valoración. --
-- 1. Definiciones y efectos del abuso sexual infantil. --
-- 2. La complejidad del diagnóstico. --
-- 3. Investigación y evaluación de abusos sexuales en la infancia. --
-- Parte 2. Los componentes de las entrevistas de evaluación. --
-- 4. Características y aspectos formales de las entrevistas. --
-- 5. La estructura de la evaluación: modelos. --
-- 6. Los/as entrevistadores/as. --
-- 7. Los participantes en la evaluación. --
-- Parte 3. Las entrevistas de evaluación. --
-- 8. Fases de las entrevistas. --
-- 9. Técnicas para entrevistar a niños, niñas y adolescentes. --
-- 10. Criterios de confirmación del diagnóstico de abuso sexual infantil.
526 ## - NOTA DE INFORMACIÓN SOBRE EL PROGRAMA DE ESTUDIO
Institución que aplica el campo Unicoc
546 ## - NOTA DE LENGUA
Nota de lengua Español
650 #0 - PUNTO DE ACCESO ADICIONAL DE MATERIA - TÉRMINO DE MATERIA
9 (RLIN) 12901
Término de materia o nombre geográfico como elemento inicial Abuso sexual infantil
650 #0 - PUNTO DE ACCESO ADICIONAL DE MATERIA - TÉRMINO DE MATERIA
9 (RLIN) 12902
Término de materia o nombre geográfico como elemento inicial Evaluación psicológica
658 #0 - TÉRMINO DE INDIZACIÓN - OBJETIVO CURRICULAR
9 (RLIN) 10741
Programa Académico Programa de Psicología
856 ## - LOCALIZACIÓN Y ACCESO ELECTRÓNICOS
Texto del enlace Acceso online exclusivo para comunidad Unicoc
Identificador Uniforme del Recurso (URI) https://unicoceduco-my.sharepoint.com/:b:/g/personal/direccionbiblioteca_unicoc_edu_co/IQCBBFTDflVySZgZTC2TKnQ3AXZpgMcbtLUcsyvDCE1JOs0
942 ## - ENTRADA PARA ELEMENTOS AGREGADOS (KOHA)
Fuente de clasificación o esquema de ordenación en estanterías
Koha [por defecto] tipo de item Libro electrónico
Existencias
Código de barras Fuente de clasificación o esquema de ordenación en estanterías Estropeado Localización permanente Precio Código de colección Tipo de item de Koha No para préstamo Fecha de adquisición Estado de pérdida Fuente de adquisición Fecha del precio de reemplazo Fecha última consulta Localización actual Signatura completa
Ebook10831  Bogotá (Dr. David Ordóñez Rueda) - Campus Norte200000.00Coleccion OnlineLibro electrónico 2026-04-10 Compra2026-04-102026-04-10Bogotá (Dr. David Ordóñez Rueda) - Campus Norte362.76

© 2014 UNICOC | Institución Universitaria Colegios de Colombia - UNICOC
Bogotá D.C. Autopista Norte Km. 20. Teléfono:(571)6683535
Cali: Calle 13 Norte No. 3N-13. Teléfono: (572)6608887

Con tecnología de Koha